Nombre 10 - Culture générale - Statistiques

Statistiques générales
  • Ce quiz a été pris 4 102 fois
  • Le résultat moyen est 7 sur 15
Statistiques - réponses
Indices Réponse % Correct
Il y a 10 quilles dans ce sport ludique Bowling
97%
MoÏse en reçoit 10 sur les Tables de la Loi Commandements
83%
Roman policier d'Agatha Christie se déroulant sur une île Ils étaient dix
61%
Selon Patrick Bruel, place sur laquelle on s'était dit "rendez-vous dans 10 ans" Place des Grands Hommes
61%
Pays subissant 10 plaies dans l'Ancien Testament Égypte
57%
Taxe médiévale prélevant 10% des revenus Dîme
46%
Pays possédant 10 provinces et 3 territoires fédéraux Canada
39%
Seul sous-embranchement avec des animaux à 10 pattes dont le crabe Crustacés
38%
Religion dans laquelle il y a 10 préceptes au total Bouddhisme
37%
Adresse de la résidence officielle du Premier Ministre du Royaume-Uni {10} {Downing} {Street}
35%
10 points supplémentaires que remporte l'équipe qui gagne le dernier pli à la belote, la coinche ou la manille Dix de der
27%
Prénom d'un peintre et graveur allemand ayant pour nom de famille Dix Otto
26%
Chef de 10 hommes dans la légion romaine Décurion
23%
Dernière des 10 épreuves du décathlon 1500 mètres
21%
Ouvrage majeur de Boccace, l'un des trois créateurs de la littérature italienne Décaméron
6%
Aucun quiz correspondant
Distribution des résultats
% des personnes avec chaque résultat
Percentile par nombre de réponses
Votre historique - résultats
Vous n’avez pas pris ce quiz